Bilecik Bilecik Bilecik Bilecik Bilecik

Fener-Rum Patrikhanesi ve Ruhban okulu/ (Record no. 10432)

MARC details
000 -BAŞLIK
Sabit Uzunluktaki Kontrol Alanı 01090nam a22003377a 4500
001 - KONTROL NUMARASI
Control Dosyası 0010460
003 - KONTROL NUMARASI KİMLİĞİ
Kontrol Alanı KOHA_MİRAKIL
005 - EN SON İŞLEM TARİHİ ve ZAMANI
Kontrol Alanı 20260207001744.0
007 - FİZİKSEL TANIM SABİT ALAN - GENEL BİLGİ
Sabit uzunluklu kontrol alanı ta
008 - SABİT UZUNLUKTAKİ VERİ ÖGELERİ - GENEL BİLGİ
Sabit Alan 091111b2008 tu |||gr||||#||||0|tur |
020 ## - ISBN - ULUSLARARASI STANDART KİTAP NUMARASI
Isbn 9789752551855
040 ## - KATALOGLAMA KAYNAĞI
Özgün Kataloglama Kurumu TR-BiSEU
Kataloglama Dili tur
Çeviri Kurumu TR-BiSEU
Açıklama Kuralları rda
041 0# - DİL KODU
Metin ya da ses kaydının dil kodu tur
044 ## - YAYINLAYAN/ÜRETEN KURULUŞUN ÜLKE KODU
ISO country code tu
050 ## - SINIFLAMA ve YER NUMARASI
Sınıflama Numarası BX410
Yer Numarası .O94 2008
100 1# - KİŞİ ADI
Yazar Adı (Kişi adı) Özel, Sibel.
245 1# - ESER ADI BİLDİRİMİ
Başlık Fener-Rum Patrikhanesi ve Ruhban okulu/
Sorumluluk Bildirimi Sibel Özel ; Sibel Özel.
264 #1 - ÜRERİM, YAYIN, DAĞITIM ve TELİF BİLDİRİMİ
Yayın yeri İstanbul :
Yayınlayan IQ Kültür Sanat Yayıncılık
Yayın tarihi 2008
300 ## - FİZİKSEL TANIMLAMA
Sayfa, Cilt vb. 176 sayfa; 21 cm.
336 ## - İÇERİK TÜRÜ
Content type term metin
Content type code txt
Source rdacontent
337 ## - MEDYA TÜRÜ
Media type term aracısız
Media type code n
Source rdamedia
338 ## - TAŞIYICI TÜRÜ
Carrier type term cilt
Carrier type code nc
Source rdacarrier
490 1# - DİZİ BİLDİRİMİ
Dizi Bildirimi IQ Kültür Sanat Yayıncılık ;
Cilt Numarası 286.
490 1# - DİZİ BİLDİRİMİ
Dizi Bildirimi Araştırma-İnceleme Dizisi ;
Cilt Numarası 243.
500 ## - GENEL NOT
Genel Not Kaynakça var.
650 #0 - KONU BAŞLIĞI EK GİRİŞ - KONU TERİMİ
Konusal terim veya coğrafi ad İstanbul (Ekümenik patriklik)--Tarih.
9 (RLIN) 25671
650 #0 - KONU BAŞLIĞI EK GİRİŞ - KONU TERİMİ
Konusal terim veya coğrafi ad Yunanlılar--Türkiye--İstanbul.
9 (RLIN) 25672
830 1# - SERİ EK GİRİŞİ - TEKBİÇİM ESER ADI
Tekbiçim Başlık IQ Kültür Sanat Yayıncılık ;
Volume number/sequential designation 286.
9 (RLIN) 5875
830 1# - SERİ EK GİRİŞİ - TEKBİÇİM ESER ADI
Tekbiçim Başlık Araştırma-İnceleme Dizisi ;
Volume number/sequential designation 243.
9 (RLIN) 14051
942 ## - EK GİRİŞ ÖGELERİ (KOHA)
Source of classification or shelving scheme Library of Congress Classification
Koha item type Book
Holdings
Materyal Türü Kalıcı Konum Mevcut Konum Raf Yeri Sınıflandırma Kaynağı Edinim Bilgisi Ana Konular Alt Konular Yer Numarası Demirbaş Numarası Fatura Tarihi Maliyet, Alış Fiyatı Maliyet, Yenileme Fiyatı Geri Çekilme Durumu Kayıp Durumu Hasarlı Durumu Kredi için değil Kayıt Tarih Toplam Ödünçverme Son Görülme Tarihi Son Kontrol Tarihi Genel / Bağış Notu
Book Prof. Dr. Azmi Özcan Kütüphanesi Prof. Dr. Azmi Özcan Kütüphanesi Uluğbey Salonu Library of Congress Classification Bağış FELSEFE, PSİKOLOJİ, DİN Hristiyan Mezhepleri BX410 .O94 2008 0010460 13/08/2010 12.00 12.00         11/11/2009   05/12/2024 05/12/2024 Genel Bağış